Strandspaziergang um Eurasien - Statistiken

Allgemein
  • Dieses Quiz wurde 346 mal gespielt
  • Das Durchschnittsergebnis liegt bei 35 aus 70
Antwortstatistiken
Land % Korrekt
Spanien
98%
Portugal
94%
Belgien
87%
Dänemark
87%
Deutschland
87%
Frankreich
87%
Niederlande
87%
Spanien
87%
Polen
84%
Deutschland
82%
Russland
82%
Lettland
80%
Litauen
80%
Estland
79%
Russland
78%
Finnland
73%
Norwegen
73%
Schweden
73%
Russland
71%
Nordkorea
70%
Südkorea
70%
China
67%
Nordkorea
66%
Vietnam
65%
Kambodscha
63%
Thailand
62%
Malaysia
57%
Myanmar
55%
Bangladesch
54%
Indien
54%
Iran
54%
Pakistan
54%
Thailand
53%
Kuwait
49%
Saudi Arabien
48%
Irak
46%
Katar
46%
Oman
44%
Saudi Arabien
44%
Vereinigte Arabische Emirate
44%
Oman
35%
Vereinigte Arabische Emirate
35%
Jemen
32%
Saudi Arabien
32%
Israel
31%
Israel
29%
Jordanien
29%
Libanon
29%
Syrien
29%
Türkei
28%
Ukraine
25%
Ukraine
25%
Ägypte
24%
Georgien
23%
Russland
23%
Bulgarien
22%
Rumänien
22%
Türkei
22%
Albanien
21%
Bosnien-Herzegowina
21%
Griechenland
21%
Kroatien
21%
Italien
20%
Slowenien
20%
Kroatien
19%
Monaco
19%
Montenegro
19%
Frankreich
18%
Frankreich
17%
Spanien
16%
Keine übereinstimmenden Quizze gefunden
Verteilung der Resultate
Anzahl Personen mit jedem Resultat
Perzentil nach korrekt beantworteten Fragen
Ihre Resultats-Entwicklung
Sie haben dieses Quiz noch nicht gespielt